|
|
|
|
| LEADER |
00000nam a2200000 a 4500 |
| 001 |
UCK9195 |
| 003 |
CL-VaPUC |
| 008 |
060421e19540000SP |||||||||||||||||spa|d |
| 082 |
0 |
4 |
|a 261
|b SAB
|2 21
|
| 100 |
0 |
|
|a Sabater March, Joaquín
|e author
|9 498929
|
| 245 |
1 |
0 |
|a Derechos y deberes de los seglares en la vida social de la iglesia
|
| 300 |
|
|
|a 1002 p
|
| 942 |
|
|
|c BK
|
| 945 |
|
|
|d 20060421 00:00:00
|a jtorresc
|
| 260 |
|
|
|a Barcelona
|b Herder
|c 1954
|
| 650 |
|
0 |
|a Teología social
|9 326726
|
| 650 |
|
0 |
|a Política
|9 255312
|
| 650 |
|
0 |
|a Estado
|9 255503
|
| 650 |
|
0 |
|a Comunidades religiosas
|9 315330
|
| 650 |
|
0 |
|a Población
|9 257577
|
| 650 |
|
0 |
|a Economía
|9 255568
|
| 650 |
|
0 |
|a Religión
|9 255164
|
| 650 |
|
0 |
|a Vida religiosa
|9 257284
|
| 583 |
|
|
|a last modification
|c 20060421 00:00:00
|k Rodrigo Vera
|
| 999 |
|
|
|c 316469
|d 316467
|
| 952 |
|
|
|0 0
|1 0
|4 0
|6 261_000000000000000_SAB_1954
|7 0
|8 A
|9 390864
|a BIBTEO
|b BIBTEO
|d 2019-11-22
|i 3373304
|o 261 SAB 1954
|p 3373304
|r 2025-01-17
|w 2019-11-22
|y BK
|k ICR
|